Largest Cities by Latitude/Continent - Statistics

General Stats
  • This quiz has been taken 511 times
    502 since last reset
  • The average score is 85 of 240
Answer Stats
ANSWER % Correct
Stockholm (1,253k se) Yaroslavl (606k ru) Oslo (580k no) Kalininskiy (504k ru)
87%
Moscow (10,381k ru)
85%
London (7,556k gb)
83%
Madrid (3,255k es) Roma (2,318k it) Barcelona (1,621k es) Napoli (959k it)
83%
Paris (2,138k fr) Vienna (1,691k at) Kharkiv (1,430k ua) Munich (1,260k de)
83%
Ottawa (812k ca) Seattle (608k us) Portland (583k us) Quebec (528k ca)
82%
New York City (8,175k us)
80%
Tokyo (8,336k jp)
80%
Beijing (7,480k cn)
79%
Sydney (4,627k au)
79%
Tijuana (1,376k mx) San Diego (1,307k us) Dallas (1,197k us) Jacksonville (821k us)
79%
Berlin (3,426k de) Minsk (1,742k by) Hamburg (1,739k de) Warsaw (1,702k pl)
77%
Los Angeles (3,792k us)
77%
Mexico City (12,294k mx)
76%
Hong Kong (7,012k hk) Kolkata (4,631k in) Chittagong (3,920k bd) Ahmedabad (3,719k in)
75%
Jakarta (8,540k id)
75%
Toronto (4,612k ca)
75%
Vancouver (1,837k ca)
75%
Bangkok (5,104k th) Bangalore (5,104k in) Chennai (4,328k in) Quezon City (2,761k ph)
73%
Chicago (2,695k us) Brooklyn (2,300k us) Borough of Queens (2,272k us) Philadelphia (1,526k us)
73%
Mumbai (12,691k in)
73%
Santiago (4,837k cl) Montevideo (1,270k uy) La Plata (694k ar) Quilmes (518k ar)
73%
Sao Paolo (10,021k br)
73%
Severodvinsk (194k ru) Trondheim (147k no) Oulu (128k fi) Reykjavik (118k is)
73%
Bogota (7,674k co)
72%
Buenos Aires (13,076k ar)
72%
Istanbul (11,174k tr)
72%
Lima (7,737k pe)
72%
Melbourne (4,246k au)
72%
Auckland (417k nz) Manukau City (362k nz) Geelong (226k au) Waitakere (208k nz)
70%
San Francisco (805k us) Washington, D. C. (601k us) Las Vegas (583k us) Nashville (530k us)
70%
Cairo (7,734k eg)
69%
Caracas (3,000k ve)
69%
Johannesburg (2,026k za)
69%
Montreal (3,268k ca)
69%
Saint Petersburg (5,028k ru)
69%
Shanghai (14,608k cn)
69%
Tianjin (3,766k cn) Ankara (3,517k tr) Shenyang (3,512k cn) Pyongyang (3,222k kp)
69%
Boumerdas (786k dz) Athens (729k gr) Sevilla (703k es) Tunis (693k tn)
68%
Manila (10,444k ph)
68%
Tehran (7,153k ir) Baghdad (5,672k iq) Kaifeng (4,800k cn) Busan (3,678k kr)
68%
Belem (1,407k br) Quito (1,399k ec) Sao Luis (917k br) Ananindeua (433k br)
66%
Helsinki (558k fi)
66%
Lagos (9,000k ng)
66%
Nizhniy Novgorod (1,284k ru) Copenhagen (1,153k dk) Kazan (1,104k ru) Riga (742k lv)
66%
Cape Town (3,433k za)
65%
Houston (2,099k us)
65%
Wellington (381k nz)
65%
Anchorage (291k us)
63%
Kinshasa (7,785k cd)
63%
Perth (1,896k au)
63%
Taipei (7,871k tw) Riyadh (4,205k sa) Kanpur (2,823k in) Jaipur (2,711k in)
63%
Belgrade (1,273k rs) Sofia (1,152k bg) Marseille (794k fr) Sarajevo (696k ba)
62%
Havana (2,163k cu)
62%
Seoul (10,349k kr)
62%
Singapore (3,547k sg)
62%
Algiers (1,977k dz)
61%
Detroit (713k us) Mississauga (668k ca) North York (636k ca) Boston (617k us)
61%
Managua (973k ni) Tegucigalpa (850k hn) San Salvador (525k sv) Mixco (473k gt)
61%
Adelaide (1,225k au) Canberra (367k au) Wollongong (292k au) Bunbury (68k au)
59%
Alexandria (3,811k eg) Al Jizah (2,443k eg) Tripoli (1,150k ly) Marrakesh (839k ma)
59%
Guatemala City (994k gt)
59%
Kiev (2,797k ua)
59%
Rio de Janeiro (6,023k br) Guarulhos (1,169k br) Campinas (1,031k br) Nova Iguacu (1,002k br)
59%
San Jose (945k us)
59%
Dakar (2,476k sn) Grand Dakar (2,352k sn) Bamako (1,297k ml) Ouagadougou (1,086k bf)
58%
Delhi (10,927k in)
58%
Dhaka (10,356k bd)
58%
Karachi (11,624k pk)
58%
Milano (1,236k it) Rostov-na-Donu (1,074k ru) Odessa (1,001k ua) Torino (870k it)
58%
Nairobi (2,750k ke)
58%
Soweto (1,695k za) Pretoria (1,619k za) Maputo (1,191k mz) Matola (675k mz)
58%
Santo Domingo (2,201k do) Iztapalapa (1,820k mx) Ecatepec (1,806k mx) Guadalajara (1,640k mx)
56%
Brisbane (2,189k au)
55%
Ciudad Guayana (746k ve) Cucuta (721k co) Bucaramanga (571k co) Panama (408k pa)
55%
Addis Ababa (2,757k et)
54%
Calgary (1,019k ca)
54%
Khartoum (1,974k sd)
54%
Accra (1,963k gh) Douala (1,338k cm) Yaounde (1,299k cm) Port Harcourt (1,148k ng)
52%
Kuala Lumpur (1,453k my) Klang (879k my) Kampung Baru Subang (833k my) Subang Jaya (708k my)
52%
Winnipeg (632k ca) Surrey (394k ca) Okanagan (297k ca) Victoria (289k ca)
52%
Brasilia (2,207k br)
51%
Bucharest (1,877k ro)
51%
Budapest (1,741k hu)
51%
Casablanca (3,144k ma)
51%
Edmonton (712k ca) Saskatoon (198k ca) Red Deer (73k ca) Prince George (65k ca)
49%
Hyderabad (3,597k in) Sanaa (1,937k ye) Visakhapatnam (1,063k in) Solapur (997k in)
49%
Juneau (31k us)
49%
Luanda (2,776k ao)
48%
Almaty (2,000k kz) Sapporo (1,883k jp) Jilin (1,881k cn) UEruemqi (1,508k cn)
46%
Asuncion (1,482k py) San Miguel de Tucuman (781k ar) Salta (512k ar) Joinville (461k br)
45%
Kampala (1,353k ug) Libreville (578k ga) Kisangani (539k cd) Marka (230k so)
45%
Mogadishu (2,587k so)
45%
Phoenix (1,445k us) Charlotte (731k us) Memphis (646k us) New South Memphis (641k us)
45%
Zhumadian (8,263k cn) Nanchong (7,150k cn) Lahore (6,310k pk) Wuhan (4,184k cn)
45%
Badger (19k us) Nuuk (14k gl) College (12k us) Iqaluit (6,124 ca)
44%
Eagle River (24k us) Whitehorse (23k ca) Yellowknife (15k ca) Knik-Fairview (14k us)
44%
Manaus (1,598k br) Natal (763k br) Teresina (744k br) Iquitos (437k pe)
44%
Rabat (1,655k ma) Fes (964k ma) Sale (903k ma) Tangier (688k ma)
44%
Brazzaville (1,284k cg) Mombasa (799k ke) Pointe-Noire (659k cg) Masina (485k cd)
42%
Dar es Salaam (2,698k tz) Mbuji-Mayi (874k cd) Zanzibar (403k tz) Mbeya (291k tz)
42%
Durban (3,120k za)
42%
Hobart (216k au) Ashburton (30k nz) Timaru (28k nz) Kingston (14k au)
42%
Ho Chi Minh City (3,467k vn)
42%
Murmansk (319k ru)
42%
Omdurman (1,200k sd) Asmara (563k er) Kassala (401k sd) Saint-Louis (176k sn)
42%
Antananarivo (1,391k mg)
41%
Lusaka (1,267k zm) Blantyre (584k mw) Nampula (388k mz) Quelimane (188k mz)
39%
Port Moresby (283k pg)
39%
Christchurch (363k nz)
38%
Harare (1,542k zw)
38%
Salvador (2,711k br) Callao (813k pe) Feira de Santana (481k br) Huancayo (376k pe)
38%
Yekaterinburg (1,349k ru) Omsk (1,129k ru) Chelyabinsk (1,062k ru) Ufa (1,033k ru)
38%
Abidjan (3,677k ci)
37%
Belo Horizonte (2,373k br)
37%
Windhoek (268k na)
37%
Petrozavodsk (265k ru) Espoo (256k fi) Syktyvkar (230k ru) Bergen (213k no)
35%
Porto Alegre (1,372k br) Rosario (1,173k ar) Mendoza (876k ar) Santa Fe de la Vera Cruz (489k ar)
35%
Fairbanks (31k us)
34%
San Antonio (1,327k us) Chihuahua (809k mx) Hermosillo (595k mx) Nuevo Laredo (349k mx)
34%
Darwin (129k au)
32%
Novosibirsk (1,419k ru)
32%
Recife (1,478k br)
32%
Suva (77k fj) Mount Isa (22k au) Port Hedland (15k au) Karratha (11k au)
32%
Tromso (52k no) Zapolyarnyy (17k ru) Polyarnyy (17k ru) Nikel' (15k ru)
32%
Apia (40k ws) Palmerston (25k au) Pago Pago (11k as) Tafuna (11k as)
31%
Guayaquil (1,952k ec)
31%
Kigali (745k rw) Mwanza (436k tz) Nakuru (259k ke) Kismayo (234k so)
31%
Kingston (937k jm)
31%
Medellin (1,999k co)
31%
Harbin (3,229k cn)
30%
Ibadan (3,565k ng) Kumasi (1,468k gh) Benin City (1,125k ng) Monrovia (939k lr)
28%
Lilongwe (646k mw)
28%
Nouakchott (661k mr)
28%
Surabaya (2,374k id) Bandung (1,699k id) Bekasi (1,520k id) Tangerang (1,372k id)
28%
Irkutsk (586k ru) Orenburg (550k ru) Novokuznetsk (539k ru) Magnitogorsk (413k ru)
27%
Pietermaritzburg (750k za) Bloemfontein (463k za) Welkom (431k za) Newcastle (404k za)
27%
Qiqihar (882k cn) Ulaanbaatar (844k mn) Hegang (743k cn) Shuangyashan (600k cn)
27%
Arkhangel'sk (356k ru)
25%
Maracaibo (2,225k ve) Maracay (1,754k ve) Valencia (1,385k ve) Barranquilla (1,380k co)
25%
Port Elizabeth (967k za) East London (478k za) Uitenhage (228k za) Noorder-Paarl (187k za)
25%
Cali (2,392k co) Pereira (440k co) Ibague (421k co) Manizales (357k co)
24%
Luxor (422k eg)
24%
Nizhnevartovsk (244k ru) Yakutsk (235k ru) Nefteyugansk (112k ru) Khanty-Mansiysk (67k ru)
24%
Santa Cruz de la Sierra (1,364k bo) Goiania (1,171k br) Cochabamba (900k bo) Arequipa (841k pe)
24%
Dunedin (114k nz)
23%
Kano (3,626k ng)
23%
Yangon (4,477k mm)
23%
Fortaleza (2,400k br)
21%
Mackay (74k au) Rockhampton (61k au) Gladstone (30k au) Alice Springs (25k au)
21%
Phnom Penh (1,573k kh) Teni (1,034k in) Coimbatore (959k in) Madurai (909k in)
21%
Pune (2,935k in) Navi Mumbai (2,600k in) Nashik (1,289k in) Pimpri (1,284k in)
21%
Camayenne (1,871k gn) Conakry (1,767k gn) Kaduna (1,582k ng) Maiduguri (1,112k ng)
20%
Cordoba (1,428k ar)
20%
Longyearbyen (2,060 sj)
18%
Punta Arenas (117k cl)
18%
Ushuaia (58k ar)
18%
Barrow (4,212 us) Nuiqsut (3,402 us) Prudhoe Bay (2,174 us) Uummannaq (1,299 gl)
17%
Cairns (153k au)
17%
Kupang (282k id) Honiara (56k sb) Waingapu (48k id) Atambua (35k id)
17%
Monterrey (1,122k mx)
17%
Yueyang (5,000k cn) Chongqing (3,967k cn) Puyang (3,590k cn) Changsha (2,073k cn)
17%
Lautoka (52k fj) Nadi (42k fj) Port-Vila (35k vu) Faaa (29k pf)
15%
Noril'sk (140k ru)
15%
Perm (982k ru)
14%
Curitiba (1,718k br)
13%
Gold Coast (591k au) Logan City (282k au) Toowoomba (131k au) South Brisbane (60k au)
13%
Medan (1,750k id)
13%
Townsville (196k au)
13%
Invercargill (47k nz) Oamaru (13k nz) Gore (12k nz) Queenstown (10k nz)
11%
Newcastle (308k au) Rockingham (108k au) Mandurah (83k au) Maitland (67k au)
11%
Palembang (1,441k id)
11%
Acapulco (652k mx) San Pedro Sula (489k hn) Tuxtla Gutierrez (481k mx) Villahermosa (362k mx)
10%
Aswan (241k eg) Qina (235k eg) Sohag (209k eg) Idfu (166k eg)
10%
Makassar (1,321k id)
10%
Sitka (8,881 us) Kodiak (6,130 us) Homer (5,003 us) Fort Nelson (4,514 ca)
10%
Tai'an (5,499k cn) Lanzhou (3,200k cn) Taiyuan (2,722k cn) Incheon (2,628k kr)
10%
Kotzebue (3,201 us) Inuvik (3,022 ca) Aasiaat (3,005 gl) Qasigiannguit (1,341 gl)
8%
Lubumbashi (1,373k cd)
8%
Bulawayo (699k zw) Beira (530k mz) Chitungwiza (340k zw) Chimoio (256k mz)
7%
Comodoro Rivadavia (140k ar)
7%
Rio Gallegos (85k ar) Puerto Natales (20k cl) Rio Turbio (6,650 ar) Yacimiento Rio Turbio (6,650 ar)
7%
Neiva (352k co) Macapa (338k br) Popayan (258k co) Boa Vista (235k br)
6%
Noumea (93k nc)
6%
Port Sudan (489k sd) Nouadhibou (72k mr) Sawakin (28k sd) Atar (24k mr)
6%
Puerto Montt (160k cl)
6%
Upernavik (1,129 gl)
6%
Budta (1,273k ph) Davao (1,212k ph) Malingao (1,121k ph) Thiruvananthapuram (784k in)
4%
Ciudad Juarez (1,512k mx)
4%
Fort McMurray (76k ca)
4%
Gustavo A. Madero (1,185k mx) Leon (1,114k mx) San Luis Potosi (677k mx) Aguascalientes (658k mx)
4%
Mar del Plata (553k ar)
4%
Osorno (135k cl) Valdivia (133k cl) San Carlos de Bariloche (95k ar) General Roca (73k ar)
4%
Pasto (382k co)
4%
Vorkuta (80k ru) Apatity (61k ru) Monchegorsk (49k ru) Kandalaksha (38k ru)
4%
Aracaju (490k br) Chimbote (316k pe) Rio Branco (257k br) Palmas (196k br)
3%
Bahia Blanca (276k ar) Talcahuano (252k cl) Neuquen (242k ar) Temuco (238k cl)
3%
Dikson (1,113 ru)
3%
El Calafate (8,000 ar)
3%
Grande Prairie (41k ca) Terrace (19k ca) Fort St. John (17k ca) Prince Rupert (14k ca)
3%
La Mochica baja (800k pe) Trujillo (747k pe) Jaboatao (702k br) Joao Pessoa (650k br)
3%
Launceston (106k au) Lower Hutt (101k nz) Palmerston North (75k nz) Hastings (61k nz)
3%
Queenstown (105k za) Mthatha (78k za) Graaff-Reinet (62k za) Fort Beaufort (58k za)
3%
Severomorsk (53k ru)
3%
Talnakh (59k ru) Kayyerkan (27k ru) Dudinka (23k ru) Tiksi (5,700 ru)
3%
Trelew (93k ar)
3%
Tyumen (519k ru) Nizhniy Tagil (381k ru) Berezniki (167k ru) Tobol'sk (113k ru)
3%
Bandarlampung (800k id) Banjarmasin (572k id) Ambon (355k id) Bengkulu (309k id)
1%
Bhisho (137k za)
1%
Dakhla (75k eh)
1%
Fianarantsoa (167k mg) Polokwane (123k za) Maxixe (119k mz) Toliara (115k mg)
1%
Florianopolis (412k br)
1%
Guadalupe (724k mx) Saltillo (621k mx) Culiacan (582k mx) Torreon (524k mx)
1%
Ilulissat (4,413 gl)
1%
Johor Bahru (802k my) Pekanbaru (703k id) Kuching (570k my) Manado (451k id)
1%
Likasi (422k cd) Kolwezi (418k cd) N'dalatando (383k ao) Mzuzu (175k mw)
1%
Maceio (954k br)
1%
Padang (840k id) City of Balikpapan (700k id) Pontianak (455k id) Balikpapan (433k id)
1%
Puerto Madryn (64k ar) Castro (29k cl) Esquel (28k ar) Rawson (26k ar)
1%
San Julian (6,143 ar) Comandante Luis Piedra Buena (4,176 ar) Puerto Santa Cruz (3,397 ar)
1%
Sisimiut (5,227 gl)
1%
Suez (488k eg)
1%
Surgut (300k ru)
1%
Tamanrasset (73k dz) Zouerat (38k mr) Gebeit (11k sd) Abu Sunbul (5,000 eg)
1%
Asyut (420k eg) Las Palmas de Gran Canaria (381k es) Al Fayyum (306k eg) Halwan (230k eg)
0%
Barnaul (599k ru)
0%
Bundaberg (70k au)
0%
Caloundra (38k au) Maryborough (21k au) Buderim (15k au) Gympie (11k au)
0%
Campo Grande (729k br) Contagem (627k br) Uberlandia (563k br) Ribeirao das Neves (406k br)
0%
Changchun (2,537k cn)
0%
Coihaique (45k cl) Caleta Olivia (36k ar) Puerto Aisen (16k cl) Pico Truncado (14k ar)
0%
Khabarovsk (579k ru)
0%
Khabarovsk Vtoroy (578k ru) Karagandy (451k kz) Bei'an (436k cn) Ust-Kamenogorsk (319k kz)
0%
Kitwe (400k zm) Ndola (394k zm) Huambo (226k ao) Nacala (224k mz)
0%
Kota Bharu (1,459k my)
0%
Nadym (46k ru) Muravlenko (39k ru) Gubkinskiy (20k ru) Beloyarskiy (20k ru)
0%
Novyy Urengoy (94k ru)
0%
Noyabrsk (110k ru)
0%
Resistencia (387k ar) Caxias do Sul (381k br) Santiago del Estero (354k ar) Corrientes (339k ar)
0%
Salekhard (38k ru) Labytnangi (27k ru) Udachny (15k ru) Igarka (7,470 ru)
0%
No matching quizzes found
Score Distribution
Percent of People with Each Score
Percentile by Number Answered
Your Score History
You have not taken this quiz since the last reset